Ładuje się......

Athma puranam /

Opis bibliograficzny
1. autor: Muraleedharan, Nellikkal
Język:Undetermined
Wydane: Kottayam : S.P.C.S , 1986.
LEADER 00587nam a2200145Ia 4500
001 58135
008 170722s9999 xx 000 0 und d
100 |a Muraleedharan, Nellikkal 
245 |a Athma puranam / 
260 |a Kottayam :  |b S.P.C.S ,  |c 1986. 
300 |a 63 p.  |c 18cms 
942 |c GEN 
999 |c 105132  |d 105132 
952 |0 0  |1 0  |4 0  |6 O_321NMU13X_M6KRM61  |7 0  |9 148061  |a LIB  |b LIB  |d 2017-08-12  |o O32,1NMU13x M6(KR)-M6;1  |p 199334  |r 2017-08-12  |v 6.50  |w 2017-08-12  |y GEN 
952 |0 0  |1 0  |4 0  |6 O_321NMU13X_M6KRM61  |7 0  |9 148062  |a LIB  |b LIB  |d 2017-08-12  |o O32,1NMU13x M6(KR)-M6;1  |p 199335  |r 2017-08-12  |v 6.50  |w 2017-08-12  |y GEN